مكتبة جامعة عجلون الوطنية

فهرس بحث المكتبة

جودة الخدمات المصرفية وأثرها على أداء المصارف الأردنية : دراسة ميدانية = Service quality and its impact on Jordanian banks performance : An Empirical study / (Record no. 33071)

MARC details
000 -LEADER
fixed length control field 01356nam a2200241Ii 4500
003 - CONTROL NUMBER IDENTIFIER
control field JO-AjNU
005 - DATE AND TIME OF LATEST TRANSACTION
control field 20240623130844.0
008 - FIXED-LENGTH DATA ELEMENTS--GENERAL INFORMATION
fixed length control field 230605s9999||||xx |||||||||||||| ||und||
040 ## - CATALOGING SOURCE
Original cataloging agency JO-AjNU
Language of cataloging ara
Description conventions rda
Transcribing agency JO-AjNU
041 ## - LANGUAGE CODE
Language code of text/sound track or separate title ara
100 #1 - MAIN ENTRY--PERSONAL NAME
Personal name عطاوي، الهام
9 (RLIN) 64674
Relator term معد
245 00 - TITLE STATEMENT
Title جودة الخدمات المصرفية وأثرها على أداء المصارف الأردنية : دراسة ميدانية = Service quality and its impact on Jordanian banks performance : An Empirical study /
Statement of responsibility, etc. اعداد الهام عطاوي؛ اشراف تركي الحمود، محمد غرايبه
260 ## - PUBLICATION, DISTRIBUTION, ETC.
Date of publication, distribution, etc. 2011
300 ## - PHYSICAL DESCRIPTION
Extent 164 ورقة
336 ## - CONTENT TYPE
Content type term text
Content type code txt
Source rdacontent
337 ## - MEDIA TYPE
Media type term unmediated
Media type code n
Source rdamedia
338 ## - CARRIER TYPE
Carrier type term volume
Carrier type code nc
Source rdacarrier
500 ## - GENERAL NOTE
General note سالة جامعية (ماجستير)--جامعة اليرموك (إربد، الأردن)، كلية الاقتصاد والعلوم الإدارية، قسم علوم المالية والمصرفية، 2011.<br/>ببليوجرافيا : ص. 137-149.<br/>تتضمن ملخصا باللغتين العربية والإنجليزية.
650 70 - SUBJECT ADDED ENTRY--TOPICAL TERM
Topical term or geographic name entry element البنوك - ادارة - الخدمات المصرفية - الاردن
9 (RLIN) 64671
700 #1 - ADDED ENTRY--PERSONAL NAME
Personal name الحمود، تركي
9 (RLIN) 64672
Relator term مشرف
700 #1 - ADDED ENTRY--PERSONAL NAME
Personal name غرايبة، محمد
9 (RLIN) 64673
Relator term مشرف
942 ## - ADDED ENTRY ELEMENTS (KOHA)
Source of classification or shelving scheme Library of Congress Classification
Koha item type Thesis
Holdings
Withdrawn status Lost status Source of classification or shelving scheme Damaged status Not for loan Home library Current library Shelving location Date acquired Total Checkouts Full call number Barcode Date last seen Price effective from Koha item type
    Library of Congress Classification     مكتبة جامعة عجلون الوطنية مكتبة جامعة عجلون الوطنية المجموعات العامة 23/06/2024   HG1616.C87.A8855 2011 A29503 06/06/2023 23/06/2024 Thesis